Mujercitas / (Registro nro. 10598)

Detalles MARC
000 -LIDER
fixed length control field 01114cam a2200337 a 4500
001 - NÚMERO DE CONTROL
Identificador de número de control 1160
003 - IDENTIFICACDOR DE NÚMERO DE CONTROL
control field DO-SdBPM
005 - DATE AND TIME OF LATEST TRANSACTION
control field 20241204123156.0
007 - CAMPOS FIJOS DE DESCRIPCIÓN FÍSICA
fixed length control field 1160
008 - ELEMENTOS DE LONGITUD FIJA
fixed length control field 831026s2010 ag 000 f spa
020 ## - ISBN
International Standard Book Number 9789500815215
040 ## - FUENTE DE CATALOGACIÓN
Agencia que crea de manera original el registro DO-SdBPM
Agencia que realiza la transcripción spa
Agencia que realiza la modificación BPMSU
082 #4 - NÚMERO DE CLASIFICACIÓN DECIMAL DE DEWEY
Classification number 813.4
Item number A355m 2010
Edition number 22
092 ## - LOCALLY ASSIGNED DEWEY DECIMAL CALL NUMBER
Número de clasificación M863.44
Número de ítem (Cutter) A355m,
100 1# - ASIENTO PRINCIPAL -- NOMBRE PERSONAL
Nombre personal Alcott, Louisa May,
Fechas asociadas con el nombre 1832-1888.
240 10 - TITULO UNIFORME
Título uniforme Litle women.
Idioma de una obra Español.
245 10 - MENCIÓN DE TITULO
Título Mujercitas /
Mención de responsabilidad Louisa May Alcott; dtraducción Alejanro Méndez Soler; Ilustraciones Horacio D. Gatto ; adaptación Benmayor Lilian
250 ## - MENCIÓN DE EDICION
Mención de edición 14a ed.
260 ## - PUBLICACIÓN, DISTRIBUCIÓN, ETC. (PIE DE IMPRENTA)
Lugar de publicación, distribución, etc Bueno Aires :
Nombre del editor, distribuidor, etc. Editorial Atlántida,
Fecha de publicación, distribución, etc 2010
300 ## - DESCRIPCIÓN FÍSICA
Extensión 216 p. ;
Dimensiones 20 cm.
490 0# - MENCIÓN DE SERIES
Mención de serie Nueva biblioteca Billiken,
Volume/sequential designation 1
534 ## - NOTA SOBRE LA VERSIÓN ORIGINAL
Asiento principal del original Título original:
Mención del título original Litle women
590 ## - NOTA LOCAL
Texto de la nota local Inventariado, 2024/VM
650 #4 - ENCABEZAMIENTO DE MATERIA--TEMÁTICO
Término temático o nombre geográfico como elemento de entrada Novela juvenil estadounidense
650 #4 - ENCABEZAMIENTO DE MATERIA--TEMÁTICO
Término temático o nombre geográfico como elemento de entrada Literatura juvenil estadounidense
700 1# - ASIENTO SECUNDARIO -- NOMBRE PERSONAL
Nombre personal Horacio D. Gatto
Mención de responsabilidad ilustraciones
700 1# - ASIENTO SECUNDARIO -- NOMBRE PERSONAL
Nombre personal Lilian, Benmayor
700 1# - ASIENTO SECUNDARIO -- NOMBRE PERSONAL
Nombre personal Méndez Soler; Alejanro
Mención de responsabilidad tr.
910 ## - VALIDACIÓN
Validación VMateo V. Control de calidad. BPMSU
942 ## - ADDED ENTRY ELEMENTS (KOHA)
Source of classification or shelving scheme Dewey Decimal Classification
Koha item type Libros
Existencias
Withdrawn status Lost status Source of classification or shelving scheme Damaged status Not for loan Collection code Home library Current library Date acquired Source of acquisition Total Checkouts Full call number Barcode Date last seen Price effective from Koha item type
    Dewey Decimal Classification     Colección Juvenil General Biblioteca Pública Metropolitana Salomé Ureña Biblioteca Pública Metropolitana Salomé Ureña 06/27/2016   BPMSU CJG 813.4 A355m 2010 BPMSU16060594 06/27/2016 06/27/2016 Libros